| 000 | 00759nam a22002537a 4500 | ||
|---|---|---|---|
| 999 |
_c12030 _d12030 |
||
| 003 | AR-CdUCM | ||
| 008 | 190226b ||||| |||| 00| 0 spa d | ||
| 040 |
_aMUNICIPALIDAD PROVINCIAL DEL CUSCO _cBIBLIOTECA MUNICIPAL DEL CUSCO |
||
| 082 |
_aEP / 869.51 / _bP78 |
||
| 100 |
_aPortilla Dueñas, Wilden _93997 |
||
| 245 | _aEl Niño Cangrejo / | ||
| 260 |
_aLima : _bInstituto Nacional de Cultura, _c2005. |
||
| 300 |
_a33 paginas ; _c21 cm. |
||
| 500 | _aINC | ||
| 505 | _aEl Niño Cangrejo. | ||
| 650 |
_aCultura _9126 |
||
| 650 |
_aCuentos infantiles _93927 |
||
| 650 |
_aPerú _935 |
||
| 700 |
_aSanchez Paz, Carlos _93998 |
||
| 700 |
_aFuentes, Miguel Angel _93999 |
||
| 700 |
_aCurasi, Mario _929686 |
||
| 942 |
_2ddc _cLIBROS |
||
| 945 | _d2019-04-05 | ||